00767cam a22002411i 4500001001300000003000400013005001700017008004100034010001700075035001900092040003600111042001200147043001200159050002200171100004000193245008200233260004400315300003500359410004700394650003800441650002900479999001700508gs 16000377 DLC20260227111319.0791130s1916 dcu f000 0 eng  ags 16000377  a(OCoLC)5745334 aDLCcNFredUdICharEdOCoLCdDLC apremarc an-us-nm00aQE75b.B9 no. 6181 aDarton, Nelson Horatio,d1865-1948.10aGeology and underground water of Luna county, New Mexico /cNelson H. Darton. aWashington :bGovt. Print. Off.,c1916. a188 p. :bill., maps ;c23 cm.20aGeological Survey (U.S.).tBulletin ;v618 0aGeologyzNew MexicozLuna County. 0aGroundwaterzNew Mexico. c25663d25663